| 000 | 00454nam a22001697a 4500 | ||
|---|---|---|---|
| 003 | BD-DhUL | ||
| 005 | 20181209153935.0 | ||
| 008 | 181209s1919 xx ||||| |||| 00| 0 urd d | ||
| 040 |
_aBD-DhUL _cBD-DhUL |
||
| 082 |
_a891.433 _bSUB |
||
| 100 | 0 | _aسلطان جہاں | |
| 245 | 1 | 0 |
_aباغ عجیب : _cسلطان جہاں _bحصہ ۲ / |
| 260 |
_a: _b، _c۱۹۱۹۔ |
||
| 300 |
_aحصہ ۲ ؛ _c۱۸ سم۔ |
||
| 650 | 4 | _aUrdu fiction | |
| 942 |
_2ddc _cBK |
||
| 999 |
_c245140 _d245140 |
||